01325nam a2200337Ia 4500001001200000003000800012006001900020007001500039008004100054010001700095020001800112020001500130040002100145035002100166050002600187082001500213245011800228260006700346300002900413504005100442533015200493650004000645650003300685655002900718700002300747700001900770710001700789710003800806856012600844999001700970ebr10629438CaPaEBRm u cr cn|||||||||080228s2008 mauab sb 001 0 eng d z 2008008703 z9781558441781 z1558441786 aCaPaEBRcCaPaEBR a(OCoLC)82666017214aHJ197b.F57155 2008eb04a333.7722200aFiscal decentralization and land policiesh[electronic resource] /cedited by Gregory K. Ingram and Yu-Hung Hong. aCambridge [Mass.] :bLincoln Institute of Land Policy,cc2008. ax, 421 p. :bill., maps. aIncludes bibliographical references and index. aElectronic reproduction.bPalo Alto, Calif. :cebrary,d2011.nAvailable via World Wide Web.nAccess may be limited to ebrary affiliated libraries. 0aIntergovernmental fiscal relations. 0aLand usexGovernment policy. 7aElectronic books.2local1 aIngram, Gregory K.1 aHong, Yu-hung.2 aebrary, Inc.2 aLincoln Institute of Land Policy.40uhttp://site.ebrary.com/lib/rucke/Doc?id=10629438zAn electronic book accessible through the World Wide Web; click to view c72743d72743